000 01057nam a22002771u 4500
001 04758
003 HDC
007 cr bn ---aaaaa
008 210117p2013 fo d 00 engg
040 _aHDC
100 _a Ida Rizyani Tahir
_eauthor
_92328
245 4 _aThe Role Of Religious Orientation In The Business Performance Of Women Owned Firms: A Preliminary Study In Malaysia Halal Food Industry / by
_cIda Rizyani Tahir and Mohani Abdul
260 _a[no place] :
_b [publisher not identified] ,
_c2013
300 _a 1 online resource (6 pages)
336 _atext
_2rdacontent
337 _acomputer
_2rdamedia
338 _aonline resource
_2rdacarrier
650 _ahalal food
_950
650 _areligious orientation
_94984
650 _awomen entrepreneurs
_94985
700 _aMohani Abdul
_eauthor
_949
856 _zRequest full-text at [email protected]
942 _2lcc
942 _cAR
942 _kJART 001223
999 _c2083
_d2083